Normal view MARC view

Entry Personal Name

Number of records used in: 1

001 - CONTROL NUMBER

  • control field: 50240

003 - CONTROL NUMBER IDENTIFIER

  • control field: OSt

005 - DATE AND TIME OF LATEST TRANSACTION

  • control field: 20250120165119.0

008 - FIXED-LENGTH DATA ELEMENTS

  • fixed length control field: 250120|| aca||aabn | a|a d

040 ## - CATALOGING SOURCE

  • Original cataloging agency: OSt
  • Transcribing agency: OSt

100 ## - HEADING--PERSONAL NAME

  • Personal name: Abhyanand Mohanty, A. and Ranjan, P.

670 ## - SOURCE DATA FOUND

  • Source citation: Work cat.: (OSt)525471: Abhyanand Mohanty, A. and Ranjan, P. , Community participation in primary education: A study of Vidyalay Shiksha Samitis in Bihar

Powered by Koha